| 000 | 00600nam a2200229Ia 4500 | ||
|---|---|---|---|
| 003 | OSt | ||
| 005 | 20220928135112.0 | ||
| 006 | a|||||r|||| 00| 0 | ||
| 007 | ta | ||
| 008 | 220927b |||||||| |||| 00| 0 eng d | ||
| 024 | _a735 | ||
| 037 | _cTextual | ||
| 040 |
_aSDCL _cSDCL _beng |
||
| 041 |
_2eng _aeng |
||
| 082 | _aX.43'N9, N8 | ||
| 100 |
_aKendall Jon D Ed. _9489397 |
||
| 245 | 0 | _aEast Asian economic issues | |
| 260 | _c1998 | ||
| 700 |
_a Donghyun Park Ed. _9489398 |
||
| 942 |
_hX.43'N9, N8 _cTEXL _2CC |
||
| 999 |
_c804693 _d804693 |
||